00331nam a2200121Ia 4500008004100000020001800041041001200059082002000071100003700091245002700128260004200155300001200197231221s9999 xx 000 0 und d a9780000000000 aEnglish a651.4 RAM;1 R aRaman, Meenakshi. Singh, Prakash 0aBusiness communication c2006bOxford University PressaOxford axii+595